| 000 | 00673cam a22002293a 4500 | ||
|---|---|---|---|
| 001 | 32110 | ||
| 003 | PGUSA | ||
| 005 | 20140828083708.0 | ||
| 008 | 100424s2010||||xxu|||||s|||||000 p eng d | ||
| 040 |
_aPGUSA _beng |
||
| 042 | _adc | ||
| 050 | 4 | _aPS | |
| 100 | 1 |
_aRichmond, Hiram Hoyt, _d1843- |
|
| 245 | 1 | 0 |
_aMontezuma : _bAn Epic on the Origin and Fate of the Aztec Nation _h[electronic resource] / _cHiram Hoyt Richmond |
| 260 |
_bProject Gutenberg, _c2010 |
||
| 506 | _aPublic domain in the USA. | ||
| 516 | _aElectronic text | ||
| 653 | _aAztecs -- Poetry | ||
| 830 | 0 |
_aProject Gutenberg _v32110 |
|
| 856 | 4 | 0 | _uhttp://www.gutenberg.org/ebooks/32110 |
| 942 | _cEB | ||
| 999 |
_c261365 _d261365 |
||